Flex to fit (Record no. 65457)
[ view plain ]
| 000 -LEADER | |
|---|---|
| fixed length control field | 01332cam a2200253 4500 |
| 001 - CONTROL NUMBER | |
| control field | ABS63110 |
| 008 - FIXED-LENGTH DATA ELEMENTS--GENERAL INFORMATION | |
| fixed length control field | 000000n2000 000 0 eng u |
| 035 ## - SYSTEM CONTROL NUMBER | |
| System control number | (Sirsi) u109639 |
| 100 ## - MAIN ENTRY--PERSONAL NAME | |
| Personal name | Bradley, S |
| 245 ## - TITLE STATEMENT | |
| Title | Flex to fit |
| 260 ## - PUBLICATION, DISTRIBUTION, ETC. | |
| Date of publication, distribution, etc. | 2000 |
| 490 ## - SERIES STATEMENT | |
| Series statement | Property Week |
| Volume/sequential designation | 65(45) 17 November 2000, 112-113(2) |
| 520 ## - SUMMARY, ETC. | |
| Summary, etc. | Outlines the importance of creating worker friendly office environments, which offer flexibility and choice, with efficient support and information systems. Discusses ideas addressed at the annual "Lean Office" conference. User requirements for the optimum workplace encompass environmental values such as good light and air, and utility values such as customised settings and ergonomic choices. BT Property utilised technology to support their advanced workplace vision, and has created a wire-free office prototype, which reduces occupancy density to 6 sq m per person. Concludes that the property industry needs to address these workplace demands to avoid losing out to new players and alternative technologies. |
| 590 ## - LOCAL NOTE (RLIN) | |
| Local note | ABS |
| 650 ## - SUBJECT ADDED ENTRY--TOPICAL TERM | |
| Topical term or geographic name entry element | ERGONOMICS |
| 650 ## - SUBJECT ADDED ENTRY--TOPICAL TERM | |
| Topical term or geographic name entry element | SPACE PLANNING |
| 650 ## - SUBJECT ADDED ENTRY--TOPICAL TERM | |
| Topical term or geographic name entry element | SPACE DESIGN |
| 650 ## - SUBJECT ADDED ENTRY--TOPICAL TERM | |
| Topical term or geographic name entry element | FUTURE |
| 650 ## - SUBJECT ADDED ENTRY--TOPICAL TERM | |
| Topical term or geographic name entry element | OFFICE BUILDINGS |
| 650 ## - SUBJECT ADDED ENTRY--TOPICAL TERM | |
| Topical term or geographic name entry element | OCCUPIERS NEEDS |
| 650 ## - SUBJECT ADDED ENTRY--TOPICAL TERM | |
| Topical term or geographic name entry element | PROTOTYPE |
| 690 ## - LOCAL SUBJECT ADDED ENTRY--TOPICAL TERM (OCLC, RLIN) | |
| Topical term or geographic name as entry element | BUILT ENVIRONMENT-CONSTRUCTION DESIGN |
| 942 ## - ADDED ENTRY ELEMENTS (KOHA) | |
| Suppress in OPAC | 0 |
| Withdrawn status | Lost status | Source of classification or shelving scheme | Damaged status | Not for loan | Home library | Current library | Shelving location | Date acquired | Total Checkouts | Full call number | Barcode | Date last seen | Copy number | Price effective from | Koha item type |
|---|---|---|---|---|---|---|---|---|---|---|---|---|---|---|---|
| Dewey Decimal Classification | London | London | Journal article | 01/12/2000 | ABS63110 | 109639-1001 | 06/08/2019 | 1 | 06/08/2019 | Journal article |